[Event "Detroit (Class B/5/12)"]
[Site "?"]
[Date "1996.??.??"]
[Round "?"]
[White "Foord, Allan"]
[Black "Scales, H."]
[Result "0-1"]
[WhiteElo "1615"]
[BlackElo "1660"]
[PlyCount "58"]
[EventDate "1996.??.??"]

{5/(12)} 1. e4 e6 2. d4 d5 3. Nc3 Nf6 4. Bg5 Be7 5. e5 Nfd7 6. Be3 Bb4 7. a3
Bxc3+ 8. bxc3 Qe7 9. Nf3 c5 10. g3 c4 11. Bh3 O-O 12. g4 f6 13. exf6 Nxf6 14.
Bg5 Qe8 15. Qe2 Ne4 16. Qe3 Qf7 17. Bg2 Nd7 18. Bh4 Qf4 19. Qxf4 Rxf4 20. Bg5
Nxg5 21. Nxg5 Rxg4 22. Bh3 Rxg5 23. Bxe6+ Kf8 24. f4 Rg2 25. Kd1 Nf6 26. Bxc8
Rxc8 27. a4 Ne4 28. Kc1 Nxc3 29. Ra3 Ne2+ 0-1

[Event "Lansing (MOR/6/19)"]
[Site "?"]
[Date "1996.??.??"]
[Round "?"]
[White "Foord, Allan"]
[Black "Montgomery, D."]
[Result "0-1"]
[WhiteElo "1605"]
[BlackElo "1605"]
[PlyCount "28"]
[EventDate "1996.??.??"]

{6/(19)} 1. e4 c5 2. Nf3 d6 3. d4 cxd4 4. Nxd4 Nf6 5. Nc3 a6 6. Bg5 e6 7. Bc4
Be7 8. f4 Nc6 9. O-O Qb6 10. e5 Nxd4 11. Kh1 Ng8 12. Bxe7 Nxe7 13. exd6 Nef5
14. g4 Ne3 0-1

[Event "Lansing (MOR/4/2)"]
[Site "?"]
[Date "1996.??.??"]
[Round "?"]
[White "Foord, Allan"]
[Black "Martell, Raul"]
[Result "0-1"]
[WhiteElo "1605"]
[BlackElo "1605"]
[PlyCount "72"]
[EventDate "1996.??.??"]

{4/(2)} 1. e4 e5 2. Nf3 Nc6 3. Bb5 Bc5 4. c3 d6 5. d4 exd4 6. Nxd4 Bxd4 7. Qxd4
Qf6 8. Be3 Bd7 9. Qd3 a6 10. Ba4 Nge7 11. Nd2 O-O 12. Qe2 Ne5 13. Bxd7 Nxd7 14.
Bd4 Qe6 15. c4 Nc6 16. Bc3 Nc5 17. b3 Rfe8 18. f3 f5 19. O-O fxe4 20. fxe4 Nxe4
21. Rae1 Nxd2 22. Qxe6+ Rxe6 23. Rxe6 Nxf1 24. Kxf1 Kf7 25. Re3 Rf8 26. Ke2 g6
27. Rf3+ Ke7 28. Rxf8 Kxf8 29. Kf3 Kf7 30. Kf4 h6 31. a4 Nd8 32. Ke4 Ke6 33.
Bd4 Nf7 34. Bg7 c6 35. Bc3 Ng5+ 36. Kd3 Nf7 {[Remainder illegible; 0-1, 55?]}
0-1

[Event "Ann Arbor (Mini-Swiss/3)"]
[Site "?"]
[Date "1996.??.??"]
[Round "?"]
[White "Foord, Allan"]
[Black "Dolin, Jack"]
[Result "1/2-1/2"]
[WhiteElo "1605"]
[BlackElo "1605"]
[PlyCount "125"]
[EventDate "1996.??.??"]

1. e4 c5 2. Nf3 Nc6 3. d4 cxd4 4. Nxd4 d6 5. Bc4 Nf6 6. Nc3 g6 7. Be3 Bg7 8.
Qd2 O-O 9. O-O-O Re8 10. f3 Ne5 11. Bb3 Bd7 12. h4 h5 13. Nde2 a5 14. Nd5 Nxd5
15. Bxd5 Bc6 16. Rhg1 Qc7 17. g4 Bxd5 18. Qxd5 Qc6 19. gxh5 Qxd5 20. Rxd5 Nxf3
21. Rg3 e6 22. Rb5 Ne5 23. hxg6 fxg6 24. Rxb7 Rab8 25. Rxb8 Rxb8 26. b3 Kf7 27.
Nd4 Rh8 28. Nf3 Bh6 29. Nxe5+ dxe5 30. Bg5 Bf8 31. Rf3+ Ke8 32. Rf6 Ba3+ 33.
Kd1 Rf8 34. Rxe6+ Kd7 35. Rxg6 Rf1+ 36. Ke2 Rh1 37. Ra6 Bb4 38. Kd3 Rh3+ 39.
Kc4 Rc3+ 40. Kb5 Rc5+ 41. Kb6 Rc6+ 42. Kb5 Rc5+ 43. Ka4 Rxc2 44. a3 Ra2 45.
Ra7+ Ke6 46. Ra6+ Kf7 47. h5 Rxa3+ 48. Kb5 Rxb3 49. h6 Bd2+ 50. Kc4 Rb4+ 51.
Kd5 Bxg5 52. Kxe5 Rb5+ 53. Kd4 Bf6+ 54. Kc4 Rh5 55. Kd3 Rxh6 56. Rxa5 Rh3+ 57.
Ke2 Rh2+ 58. Kf3 Rh1 59. Kg2 Re1 60. Kf3 Ke6 61. Rh5 Bd4 62. Rh4 Be5 63. Rg4
1/2-1/2

[Event "Ann Arbor (Ann Arbor Open, U1700/1)"]
[Site "?"]
[Date "1996.??.??"]
[Round "?"]
[White "Foord, Allan"]
[Black "Dolin, Jack"]
[Result "0-1"]
[WhiteElo "1605"]
[BlackElo "1605"]
[PlyCount "92"]
[EventDate "1996.??.??"]

{1700/(1)} 1. e4 c5 2. Nf3 d6 3. d4 cxd4 4. Nxd4 Nc6 5. Bb5 Bd7 6. Be3 e5 7.
Bxc6 bxc6 8. Nf3 Nf6 9. Nc3 Be7 10. Qd3 Ng4 11. Bd2 Qb6 12. Nd1 O-O 13. h3 Nf6
14. c4 c5 15. O-O Bc6 16. Re1 Nxe4 17. Rxe4 Bxe4 18. Qxe4 Rad8 19. b3 f5 20.
Qd5+ Rf7 21. Bg5 Qc7 22. Ne3 h6 23. Bxe7 Qxe7 24. Nxf5 Qf6 25. Ng3 e4 26. Re1
exf3 27. Re6 Qa1+ 28. Kh2 fxg2 29. Kxg2 Qd4 30. Qxd4 cxd4 31. Re4 Rdf8 32. Re2
d3 33. Rd2 Rf4 34. Nf1 R8f6 35. Ne3 Rg6+ 36. Kh2 Rg5 37. Nd5 Rd4 38. Kh1 Kf7
39. Kh2 Ke6 40. Nc7+ Ke5 41. Nb5 Ke4 42. Nxa7 Kf3 43. Nc6 Rg2+ 44. Kh1 Rxf2 45.
Nxd4+ Ke3 46. Rxf2 Kxf2 0-1

[Event "Flint (MI Senior/2/6)"]
[Site "?"]
[Date "1996.??.??"]
[Round "?"]
[White "Foord, Allan"]
[Black "Brady, Lindell"]
[Result "0-1"]
[WhiteElo "1605"]
[BlackElo "1915"]
[PlyCount "70"]
[EventDate "1996.??.??"]

{2/(6)} 1. e4 e5 2. Nf3 Nc6 3. Bb5 a6 4. Ba4 Nf6 5. O-O Be7 6. Re1 b5 7. Bb3
O-O 8. c3 d5 9. exd5 Nxd5 10. Nxe5 Nxe5 11. Rxe5 c6 12. Bxd5 cxd5 13. Qf3 Bd6
14. Re1 Re8 15. Rxe8+ Qxe8 16. Qe3 Bf5 17. d4 Bf4 18. Qxe8+ Rxe8 19. Bd2 Bxb1
20. Rxb1 Bxd2 21. Kf1 Bf4 22. g3 Bd6 23. b4 g6 24. Rb3 Bc7 25. Ra3 Re6 26. Kg2
h5 27. h4 Kg7 28. Kh3 Kh6 29. Kg2 g5 30. hxg5+ Kxg5 31. Kf3 f5 32. Rb3 f4 33.
Rb1 fxg3 34. fxg3 Rf6+ 35. Kg2 Kg4 0-1

[Event "Ann Arbor (Mini-Swiss/2)"]
[Site "?"]
[Date "1996.??.??"]
[Round "?"]
[White "Foord, Allan"]
[Black "Aguilar, Javier"]
[Result "1/2-1/2"]
[WhiteElo "1605"]
[BlackElo "1605"]
[PlyCount "55"]
[EventDate "1996.??.??"]

1. e4 c5 2. Nf3 d6 3. d4 cxd4 4. Nxd4 Nf6 5. Nc3 g6 6. Be3 Bg7 7. f3 O-O 8. Qd2
Nc6 9. O-O-O Nxd4 10. Bxd4 Be6 11. h4 a5 12. g4 a4 13. g5 Nh5 14. Bxg7 Kxg7 15.
Qd4+ Kg8 16. Bc4 Qd7 17. Nd5 Bxd5 18. exd5 b5 19. Be2 Rfb8 20. Rhg1 b4 21. Rd3
Qc7 22. Kb1 b3 23. axb3 axb3 24. cxb3 Qa5 25. Qa4 Qc5 26. Qd4 Qa5 27. Qa4 Qc5
28. Qd4 1/2-1/2

[Event "Detroit (Class DE/5/18)"]
[Site "?"]
[Date "1996.??.??"]
[Round "?"]
[White "Floyd, J."]
[Black "Young, L."]
[Result "1-0"]
[WhiteElo "1605"]
[BlackElo "1605"]
[PlyCount "99"]
[EventDate "1996.??.??"]

{5/(18)} 1. e4 c6 2. d4 d5 3. e5 Bf5 4. c3 e6 5. Nf3 Qb6 6. Be2 c5 7. O-O cxd4
8. cxd4 Nc6 9. Nc3 Rc8 10. Na4 Qc7 11. Bd3 Bxd3 12. Qxd3 Nb4 13. Qc3 Qd7 14.
Qb3 Nc6 15. a3 Na5 16. Qd3 Qxa4 17. Ng5 h6 18. Nf3 Qc2 19. Qb5+ Qc6 20. Qxa5
Qb6 21. Qxb6 axb6 22. b4 Rc2 23. Bd2 Be7 24. Rfc1 Rc6 25. Rc3 Bg5 26. Rac1 Bxd2
27. Nxd2 Ne7 28. b5 Rxc3 29. Rxc3 O-O 30. Rc7 Rc8 31. Rxe7 Rc2 32. Nf1 Ra2 33.
Rxb7 Rxa3 34. Rxb6 Rb3 35. Rb8+ Kh7 36. b6 Rb4 37. b7 Kg6 38. g3 Kf5 39. f3 g5
40. Ne3+ Kg6 41. Rg8+ Kh7 42. b8=Q Rxb8 43. Rxb8 Kg6 44. g4 Kg7 45. h3 Kg6 46.
Ng2 f6 47. Rb6 Kf7 48. h4 fxe5 49. dxe5 gxh4 50. Nxh4 1-0

[Event "Detroit (Class DE/3/18)"]
[Site "?"]
[Date "1996.??.??"]
[Round "?"]
[White "Floyd, J."]
[Black "Mahabir, Naresh"]
[Result "1/2-1/2"]
[WhiteElo "1605"]
[BlackElo "1605"]
[PlyCount "74"]
[EventDate "1996.??.??"]

{3/(18)} 1. b4 e5 2. b5 d5 3. d4 e4 4. e3 c6 5. a4 Nf6 6. Bb2 Bb4+ 7. c3 Bd6 8.
c4 Be6 9. g3 O-O 10. Nh3 h6 11. Nc3 Qd7 12. Nf4 Bxf4 13. exf4 a6 14. Ba3 Re8
15. Be2 Bg4 16. O-O Bh3 17. Re1 a5 18. Qb3 Rc8 19. Qd1 b6 20. f3 Re8 21. Qc2
exf3 22. Bxf3 Rxe1+ 23. Rxe1 dxc4 24. Bxc6 Nxc6 25. bxc6 Qxc6 26. Nb5 Re8 27.
Rxe8+ Nxe8 28. Qe2 Kh8 29. d5 Qa8 30. d6 Nf6 31. Bb2 Nd7 32. Nc7 Qc6 33. Ne8
Qa8 34. Bxg7+ Kg8 35. Bxh6 Qc6 36. Qb2 Qc5+ 37. Qf2 c3 1/2-1/2

[Event "Detroit (Class DE/1/4)"]
[Site "?"]
[Date "1996.??.??"]
[Round "?"]
[White "Floyd, J."]
[Black "Hill, Brad"]
[Result "0-1"]
[WhiteElo "1605"]
[BlackElo "1605"]
[PlyCount "150"]
[EventDate "1996.??.??"]

{1/(4)} 1. e4 c5 2. Nf3 e6 3. Nc3 d6 4. d4 cxd4 5. Nxd4 Nf6 6. Nf3 Nc6 7. Bb5
Bd7 8. O-O Be7 9. Bg5 a6 10. Bc4 b5 11. Bb3 Qc7 12. Re1 O-O 13. h3 b4 14. Na4
Na5 15. e5 dxe5 16. Nxe5 Bb5 17. Qd2 Rad8 18. Qe3 Nd5 19. Qg3 Bxg5 20. Qxg5
Nxb3 21. cxb3 f6 22. Qc1 Qxc1 23. Raxc1 fxe5 24. Nc5 Nc7 25. Rxe5 Rd2 26. Ne4
Rd5 27. Rg5 Rxg5 28. Nxg5 Nd5 29. Nxe6 Re8 30. Nd4 Bd7 31. Rd1 Bc8 32. Nc6 Bb7
33. Na5 Ba8 34. Nc4 Nf4 35. f3 Nd5 36. Nd6 Re2 37. Nc4 Kf7 38. Kf1 Rc2 39. a3
bxa3 40. bxa3 Rxc4 41. bxc4 Ne3+ 42. Ke1 Nxd1 43. Kxd1 Ke6 44. Kc2 Kd6 45. Kc3
Kc5 46. Kd3 Bc6 47. h4 Be8 48. g3 Bg6+ 49. Kc3 Bf7 50. Kb3 Bxc4+ 51. Ka4 Kd4
52. Kb4 Be2 53. f4 Ke4 54. Kc5 Kf3 55. Kd5 Kxg3 56. f5 Kxh4 57. Ke5 Bd3 58. Kf4
g5+ 59. fxg6 hxg6 60. Ke3 Bb5 61. Kf3 g5 62. Kg2 g4 63. Kh2 g3+ 64. Kg2 Bc6+
65. Kg1 Kh3 66. Kf1 g2+ 67. Kg1 Ba4 68. Kf2 Kh2 69. Kf3 g1=Q 70. Ke4 Qc5 71.
Kd3 Kg2 72. Kd2 Kf2 73. Kd3 Bc2+ 74. Kd2 Bh7 75. Kd1 Qc2# 0-1

[Event "Lansing (MOR/1b/17)"]
[Site "?"]
[Date "1996.??.??"]
[Round "?"]
[White "Fleshman, Justin"]
[Black "Stark, Jay"]
[Result "1/2-1/2"]
[WhiteElo "1605"]
[BlackElo "1605"]
[PlyCount "38"]
[EventDate "1996.??.??"]

1. d4 d5 2. e3 Bf5 3. Bd3 Bxd3 4. Qxd3 Nf6 5. Qb5+ Nfd7 6. Qxd5 Nc6 7. Nf3 e6
8. Qb5 Nb6 9. O-O Be7 10. g3 a6 11. Qd3 O-O 12. Nbd2 Nb4 13. Qb3 a5 14. Ne4 a4
15. Qc3 N6d5 16. Qd2 Nb6 17. Qc3 N6d5 18. Qd2 Nb6 19. Qc3 N6d5 1/2-1/2

[Event "Detroit (MI Action/2/13)"]
[Site "?"]
[Date "1996.??.??"]
[Round "?"]
[White "Fleshman, Justin"]
[Black "Saenz, Scott"]
[Result "0-1"]
[WhiteElo "1605"]
[BlackElo "1605"]
[PlyCount "32"]
[EventDate "1996.??.??"]

{2/(13)} 1. e4 c5 2. c3 e5 3. Nf3 Nc6 4. Bb5 a6 5. Bxc6 bxc6 6. Nxe5 Qe7 7. Ng4
Qxe4+ 8. Ne3 Nf6 9. O-O Bd6 10. d3 Qh4 11. g3 Qh3 12. Qb3 O-O 13. Na3 Bc7 14.
Nac4 d5 15. Nd2 Ng4 16. Nxg4 Bxg4 {[Remainder illegible; 0-1, 38?]} 0-1

[Event "Detroit (MI Action/3/20)"]
[Site "?"]
[Date "1996.??.??"]
[Round "?"]
[White "Fleshman, Justin"]
[Black "Mahaffy, Mike"]
[Result "1-0"]
[WhiteElo "1605"]
[BlackElo "1605"]
[PlyCount "45"]
[EventDate "1996.??.??"]

{3/(20)} 1. d4 d5 2. e3 Nc6 3. c3 Nf6 4. Bd3 Bg4 5. f3 Bh5 6. Nd2 e6 7. Nh3 Bd6
8. O-O O-O 9. e4 Na5 10. e5 Be7 11. exf6 gxf6 12. Qe1 c6 13. Qg3+ Bg6 14. b4
Bd6 15. f4 Nc4 16. Nxc4 dxc4 17. Bxc4 b5 18. Bd3 e5 19. fxe5 fxe5 20. Bxg6 hxg6
21. Ng5 exd4 22. Qh4 Kg7 23. Qh7# 1-0

[Event "Lansing (MOR/2/27)"]
[Site "?"]
[Date "1996.??.??"]
[Round "?"]
[White "Fleshman, Justin"]
[Black "Kane, Paul"]
[Result "0-1"]
[WhiteElo "1605"]
[BlackElo "1605"]
[PlyCount "152"]
[EventDate "1996.??.??"]

{2/(27)} 1. d4 d5 2. e3 Bf5 3. c4 c6 4. Nf3 Nf6 5. Nc3 e6 6. Be2 Bb4 7. O-O O-O
8. Bd2 Nbd7 9. Ne5 Qc7 10. cxd5 cxd5 11. Nxd7 Nxd7 12. Nxd5 exd5 13. Bxb4 Rfc8
14. Bf3 Be4 15. Bxe4 dxe4 16. Rc1 Qd8 17. Rxc8 Rxc8 18. Qb3 Qb6 19. Qd5 Nf6 20.
Qb3 a5 21. Bc3 Qxb3 22. axb3 b6 23. f3 exf3 24. gxf3 Nd5 25. Bd2 Rc2 26. Rc1
Rxc1+ 27. Bxc1 f5 28. Kg2 Nf6 29. Kg3 g5 30. e4 f4+ 31. Kf2 Kf7 32. Bd2 Ke6 33.
d5+ Kd6 34. b4 a4 35. Ke2 b5 36. Kd3 Nd7 37. Bc3 h5 38. Ke2 Nb6 39. Bf6 g4 40.
Bg5 Ke5 41. d6 Kxd6 42. Bxf4+ Ke6 43. fxg4 hxg4 44. Kf2 Nc4 45. Bc1 Ke5 46. Kg3
Kxe4 47. Kxg4 Ne5+ 48. Kg3 Nd3 49. h4 Nxc1 50. Kg4 Nd3 51. h5 Ne5+ 52. Kg5 Nf3+
53. Kg4 Ne5+ 54. Kg5 Nf3+ 55. Kf6 Kf4 56. Kg6 Nh4+ 57. Kf6 Nf5 58. Kg6 Kg4 59.
Kf6 Kf4 60. Ke6 Ke4 61. h6 Nxh6 62. Kd6 Kd4 63. Kc6 Kc4 64. Kb6 Kxb4 65. Ka6
Nf5 66. Kb6 Ne3 67. Kc6 Nc4 68. Kd5 Nxb2 69. Kc6 a3 70. Kb6 a2 71. Kb7 a1=Q 72.
Kc6 Qd1 73. Kc7 Kc5 74. Kb8 Qd7 75. Ka8 Kb6 76. Kb8 Qb7# 0-1

[Event "Lansing (MOR/6/38)"]
[Site "?"]
[Date "1996.??.??"]
[Round "?"]
[White "Fleshman, Justin"]
[Black "Gregg, Ted"]
[Result "0-1"]
[WhiteElo "1605"]
[BlackElo "1605"]
[PlyCount "146"]
[EventDate "1996.??.??"]

{6/(38)} 1. d4 d5 2. e3 Bf5 3. c4 e6 4. Nc3 Nf6 5. Nf3 c6 6. Bd3 Bxd3 7. Qxd3
Nbd7 8. e4 Bb4 9. cxd5 cxd5 10. O-O Bxc3 11. Qxc3 O-O 12. exd5 Nxd5 13. Qd3 Rc8
14. Ng5 N7f6 15. Re1 h6 16. Nf3 Qb6 17. Ne5 Rfd8 18. g3 Nb4 19. Nc4 Qa6 20. Qb3
Qxc4 21. Qxc4 Rxc4 22. Bd2 Nc2 23. Rac1 Rdxd4 24. Red1 Ne4 25. Be3 Rxd1+ 26.
Rxd1 Nxe3 27. fxe3 Rc2 28. Rd4 Ng5 29. Rb4 b6 30. a4 Nf3+ 31. Kf1 Nxh2+ 32. Ke1
Nf3+ 33. Kd1 Rd2+ 34. Kc1 Rd3 35. e4 Ne5 36. g4 Nxg4 37. Kc2 Re3 38. Rd4 Nf6
39. Rd8+ Kh7 40. Ra8 Rxe4 41. Rxa7 Kg6 42. Ra6 Nd5 43. Ra7 h5 44. Kd2 h4 45.
Ra8 Kf6 46. Kd3 Re3+ 47. Kd2 h3 48. Rb8 Rg3 49. Rh8 Nf4 50. b4 Rg6 51. a5 bxa5
52. b5 Rg5 53. Ke3 Nd5+ 54. Kf3 Re5 55. b6 Nxb6 56. Rxh3 a4 57. Kg2 Ra5 58.
Rf3+ Ke7 59. Rc3 Nd5 60. Ra3 f5 61. Kf3 g5 62. Kg3 Kf6 63. Kf3 e5 64. Kg3 e4
65. Kf2 f4 66. Kg2 g4 67. Kf2 Kf5 68. Ke2 f3+ 69. Kf2 Kf4 70. Kg1 g3 71. Kf1 e3
72. Ra2 a3 73. Rf2 e2+ 0-1

[Event "Lansing (MOR/4/46)"]
[Site "?"]
[Date "1996.??.??"]
[Round "?"]
[White "Fleshman, Justin"]
[Black "Goerke, Daniel"]
[Result "1-0"]
[WhiteElo "1605"]
[BlackElo "1605"]
[PlyCount "121"]
[EventDate "1996.??.??"]

{4/(46)} 1. d4 Nc6 2. e3 e5 3. Bb5 exd4 4. Bxc6 dxe3 5. Bxd7+ Bxd7 6. Bxe3 Nf6
7. Nd2 Bc6 8. Ngf3 Bxf3 9. Nxf3 Qxd1+ 10. Rxd1 Ne4 11. O-O Bc5 12. Bxc5 Nxc5
13. Rd5 Na4 14. Re1+ Kf8 15. Red1 g6 16. Ne5 Nxb2 17. Rd8+ Rxd8 18. Rxd8+ Kg7
19. Rxh8 Kxh8 20. Nxf7+ Kg7 21. Ne5 Na4 22. f3 b5 23. Kf2 Nc3 24. Nc6 Nxa2 25.
Nxa7 b4 26. Ke3 c5 27. Kd3 Nc3 28. Kc4 Na4 29. Kb5 Nc3+ 30. Kxc5 Na2 31. Nc6
Kf6 32. Nxb4 Nxb4 33. Kxb4 h5 34. Kc4 Kf5 35. Kd3 Kf4 36. c4 Ke5 37. Ke3 g5 38.
c5 Kd5 39. c6 Kxc6 40. Ke4 g4 41. fxg4 hxg4 42. Kf4 g3 43. Kxg3 Kd6 44. Kf4 Ke6
45. h4 Kf6 46. g4 Kg6 47. h5+ Kh6 48. Kf5 Kh7 49. g5 Kg7 50. h6+ Kh7 51. Kf6
Kh8 52. g6 Kg8 53. h7+ Kh8 54. g7+ Kxh7 55. Kf7 Kh6 56. g8=Q Kh5 57. Kf6 Kh4
58. Kf5 Kh3 59. Kf4 Kh2 60. Kf3 Kh1 61. Qg2# 1-0

[Event "Detroit (MI Action/6/17)"]
[Site "?"]
[Date "1996.??.??"]
[Round "?"]
[White "Fleshman, Justin"]
[Black "Choate, Eric"]
[Result "1-0"]
[WhiteElo "1605"]
[BlackElo "1605"]
[PlyCount "37"]
[EventDate "1996.??.??"]

{6/(17)} 1. d4 d5 2. e3 Nf6 3. Bd3 e6 4. Nd2 Nc6 5. f4 Bb4 6. c3 Bd6 7. Ngf3
O-O 8. Ne5 Re8 9. O-O Bxe5 10. fxe5 Nd7 11. Bxh7+ Kxh7 12. Qh5+ Kg8 13. Qxf7+
Kh8 14. Nf3 Rf8 15. Qh5+ Kg8 16. Ng5 Rxf1+ 17. Kxf1 Qe7 18. Qh7+ Kf8 19. Qh8#
1-0

[Event "Lansing (MI Op/6/3)"]
[Site "?"]
[Date "1996.??.??"]
[Round "?"]
[White "Fischvogt, Eric"]
[Black "Wysocki, Jason"]
[Result "1-0"]
[WhiteElo "2245"]
[BlackElo "2125"]
[PlyCount "81"]
[EventDate "1996.??.??"]

{6/(3)} 1. e4 d6 2. d4 Nf6 3. Nc3 c6 4. Nf3 Bg4 5. Be2 e6 6. O-O Be7 7. Be3
Nbd7 8. h3 Bh5 9. Qd2 O-O 10. a4 Kh8 11. Rfe1 Qa5 12. g4 Bg6 13. Nh4 Rad8 14.
f4 h6 15. Nxg6+ fxg6 16. Bd3 e5 17. Rab1 exd4 18. Bxd4 d5 19. e5 Ng8 20. Bxg6
c5 21. Bf2 d4 22. Ne4 Qxd2 23. Nxd2 Rxf4 24. Bg3 Rff8 25. Nc4 Nb6 26. Nxb6 axb6
27. Be4 Ra8 28. b3 Ra7 29. Rf1 Rd8 30. Rf7 Re8 31. Kg2 b5 32. axb5 Ra5 33. Bxb7
Rb8 34. Bc6 Ra2 35. Rf2 Rb6 36. h4 Ra7 37. Rbf1 Rc7 38. Ra1 Rc8 39. Ra7 Rd8 40.
Rf7 c4 41. bxc4 1-0

[Event "Cadillac Open/5/7"]
[Site "?"]
[Date "1996.??.??"]
[Round "?"]
[White "Fischvogt, Eric"]
[Black "Smalec, John"]
[Result "1-0"]
[WhiteElo "2215"]
[BlackElo "1700"]
[PlyCount "54"]
[EventDate "1996.??.??"]

{5/7} 1. e4 e6 2. d4 d5 3. Nc3 Bb4 4. e5 c5 5. Bd2 Nc6 6. Nf3 cxd4 7. Nb5 Nh6
8. Bxb4 Nxb4 9. Qd2 Nc6 10. Nbxd4 Qc7 11. Nb5 Qa5 12. Nd6+ Ke7 13. c3 Rd8 14.
Bd3 d4 15. b4 Qa3 16. Nb5 Qa4 17. Nbxd4 Bd7 18. O-O Nxd4 19. Nxd4 Rac8 20. Bxh7
Kf8 21. Bc2 Qa6 22. Bd3 Qb6 23. Rac1 Nf5 24. Bxf5 exf5 25. Qg5 g6 26. Rfd1 Ba4
27. e6 Rc7 1-0

[Event "Lansing (MI Op/2/7)"]
[Site "?"]
[Date "1996.??.??"]
[Round "?"]
[White "Fischvogt, Eric"]
[Black "Mankiewicz, Ryan"]
[Result "1-0"]
[WhiteElo "2215"]
[BlackElo "2005"]
[PlyCount "65"]
[EventDate "1996.??.??"]

{2/(7)} 1. e4 d6 2. d4 Nf6 3. Nc3 g6 4. Nf3 Bg7 5. Be2 O-O 6. O-O Bg4 7. h3
Bxf3 8. Bxf3 e5 9. d5 Nfd7 10. a4 a5 11. Bd2 Na6 12. Nb5 Nac5 13. c3 f5 14. Qc2
Nf6 15. exf5 e4 16. Be2 gxf5 17. b4 axb4 18. cxb4 Na6 19. Qb3 Qe7 20. Rac1 Kh8
21. Nd4 Qe5 22. Ne6 Rg8 23. Bc4 f4 24. Bxf4 Qh5 25. Bxa6 bxa6 26. Rxc7 Qxd5 27.
Qxd5 Nxd5 28. Rxg7 Rge8 29. Rg5 Nxb4 30. Bxd6 Rxe6 31. Bxb4 h6 32. Rg3 Rc8 33.
Bc3+ 1-0

[Event "Cadillac Open/1b/3"]
[Site "?"]
[Date "1996.??.??"]
[Round "?"]
[White "Fischvogt, Eric"]
[Black "Crysler, Jerry"]
[Result "1-0"]
[WhiteElo "2215"]
[BlackElo "1605"]
[PlyCount "56"]
[EventDate "1996.??.??"]

1. e4 d6 2. d4 Nf6 3. Nc3 g6 4. Be3 Bg7 5. Qd2 Nbd7 6. f3 e5 7. d5 O-O 8. h4 c5
9. dxc6 bxc6 10. Qxd6 Bb7 11. O-O-O a5 12. Bc4 a4 13. g4 Qa5 14. g5 Rad8 15.
gxf6 Nxf6 16. Qc5 Rxd1+ 17. Nxd1 Qxc5 18. Bxc5 Rd8 19. Nh3 Bh6+ 20. Ng5 Rd7 21.
Nf2 Bxg5+ 22. hxg5 Nh5 23. Ng4 Bc8 24. Nxe5 Ng3 25. Rg1 Nh5 26. Nxd7 Bxd7 27.
Rd1 Be8 28. Rd8 Ng7 1-0

[Event "Cadillac Open/3/6"]
[Site "?"]
[Date "1996.??.??"]
[Round "?"]
[White "Fischvogt, Eric"]
[Black "Barta, Roger"]
[Result "1/2-1/2"]
[WhiteElo "2215"]
[BlackElo "1675"]
[PlyCount "80"]
[EventDate "1996.??.??"]

{3/6} 1. e4 e6 2. d4 d5 3. Nc3 Bb4 4. Nge2 Ne7 5. a3 Ba5 6. b4 Bb6 7. e5 Bd7 8.
Ng3 Nf5 9. Nxf5 exf5 10. Nxd5 Be6 11. Nxb6 axb6 12. Bd3 O-O 13. c3 c6 14. Qc2
Qc8 15. h3 g6 16. Bg5 Nd7 17. Qd2 f6 18. Bh6 Rf7 19. f4 b5 20. Qc2 Nb6 21. g4
Nd5 22. Kd2 Ne7 23. exf6 Rxf6 24. Bg5 Rf7 25. Bxe7 Rxe7 26. gxf5 Bxf5 27. Bxf5
gxf5 28. Rhg1+ Kf7 29. Rg5 Kf6 30. Qd3 Qe6 31. Kc2 Qd5 32. Kb2 Rae8 33. Rc1
Re2+ 34. Rc2 R8e3 35. Qxe2 Rxe2 36. Rxe2 Qf3 37. Re5 Qxf4 38. Rg8 Qd2+ 39. Kb3
Qd1+ 40. Kb2 Qd2+ 1/2-1/2

[Event "Lansing (MI Op/4/9)"]
[Site "?"]
[Date "1996.??.??"]
[Round "?"]
[White "Fischvogt, Eric"]
[Black "Aldrich, Jeff"]
[Result "1-0"]
[WhiteElo "2215"]
[BlackElo "1935"]
[PlyCount "75"]
[EventDate "1996.??.??"]

{4/(9)} 1. e4 c6 2. d4 d5 3. e5 Bf5 4. Nf3 e6 5. c3 Ne7 6. Be2 Nd7 7. O-O c5 8.
a3 Nc6 9. b4 cxd4 10. cxd4 Nb6 11. Nbd2 Rc8 12. Bb2 Be7 13. Rc1 g5 14. Nb3 Na4
15. Ba1 g4 16. Nfd2 h5 17. Bb5 Nb6 18. Na5 Qd7 19. Qe2 Bg5 20. Nxb7 Qxb7 21.
Rxc6 Rxc6 22. Rc1 Kf8 23. Bxc6 Qe7 24. Rc5 h4 25. Bc3 g3 26. hxg3 h3 27. gxh3
Bxh3 28. Bb5 Rg8 29. Nf3 Bf4 30. Bd2 Bxd2 31. Qxd2 Rg6 32. Bd3 Bf5 33. Bxf5
exf5 34. Qf4 Qd7 35. Nh4 Rg4 36. Qxf5 Rxd4 37. Qxd7 Nxd7 38. Rc8+ 1-0

[Event "Flint (MI Senior/2/3)"]
[Site "?"]
[Date "1996.??.??"]
[Round "?"]
[White "Finegold, Ron"]
[Black "Schey, Danny"]
[Result "1-0"]
[WhiteElo "2180"]
[BlackElo "1745"]
[PlyCount "43"]
[EventDate "1996.??.??"]

{2/(3)} 1. Nf3 Nf6 2. g3 g6 3. Bg2 Bg7 4. O-O d5 5. c4 c6 6. Qc2 O-O 7. d3 a5
8. Nc3 Na6 9. Nd2 Be6 10. cxd5 cxd5 11. Nb3 Rc8 12. Be3 Nb4 13. Qd2 Nc6 14. Nd4
Nxd4 15. Bxd4 Qd7 16. a4 Bh3 17. Bxh3 Qxh3 18. Bxf6 exf6 19. Nxd5 Rc5 20. e4 f5
21. Rac1 Rfc8 22. Ne7+ 1-0

[Event "Flint (MI Senior/4/1)"]
[Site "?"]
[Date "1996.??.??"]
[Round "?"]
[White "Finegold, Ron"]
[Black "Mazuchowski, Tom"]
[Result "1/2-1/2"]
[WhiteElo "2180"]
[BlackElo "2185"]
[PlyCount "107"]
[EventDate "1996.??.??"]

{4/(1)} 1. Nf3 Nf6 2. c4 g6 3. Nc3 Bg7 4. e4 d6 5. d4 O-O 6. Be2 Bg4 7. Be3
Nfd7 8. Qd2 Bxf3 9. Bxf3 e5 10. dxe5 dxe5 11. Bg5 Nf6 12. Qxd8 Rxd8 13. Bxf6
Bxf6 14. Nd5 Nd7 15. Nxc7 Rac8 16. Nd5 Rxc4 17. O-O Bg5 18. Rfd1 Nc5 19. Nc3
Rcd4 20. Rxd4 exd4 21. Nd5 Ne6 22. Rd1 Rc8 23. b4 Rc1 24. Kf1 Rxd1+ 25. Bxd1
Nf4 26. Nxf4 Bxf4 27. Ke2 Bd6 28. b5 b6 29. Kd3 Bc5 30. f4 Kf8 31. Kc4 Ke7 32.
Kd5 f6 33. g4 h6 34. Bc2 g5 35. fxg5 hxg5 36. e5 fxe5 37. Kxe5 Bd6+ 38. Kf5
Bxh2 39. Kxg5 Kf7 40. Kf5 Bg3 41. g5 Kg7 42. Ke6 Bf4 43. g6 Bd2 44. Kd5 Bc3 45.
Kc6 Kf6 46. Bd3 Kg7 47. Kb7 Kf6 48. Kxa7 Ba5 49. Kb7 Kg7 50. Kc6 Kf6 51. a4 Kg7
52. Kd5 Bc3 53. Ke5 Ba5 54. Kxd4 1/2-1/2

[Event "Lansing (MI Op/6/9)"]
[Site "?"]
[Date "1996.??.??"]
[Round "?"]
[White "Finegold, Ron"]
[Black "Lehotzky, Attila"]
[Result "1-0"]
[WhiteElo "2180"]
[BlackElo "1965"]
[PlyCount "151"]
[EventDate "1996.??.??"]

{6/(9)} 1. c4 e5 2. Nc3 Nf6 3. Nf3 Nc6 4. d4 exd4 5. Nxd4 Nxd4 6. Qxd4 Be7 7.
e4 O-O 8. e5 Ne8 9. Bd3 d6 10. Qe4 f5 11. Qd5+ Kh8 12. Bf4 c6 13. Qf3 dxe5 14.
Bxe5 Bf6 15. Bxf6 Qxf6 16. O-O Nc7 17. Rfe1 Bd7 18. Qf4 Na6 19. Qe5 Qxe5 20.
Rxe5 Rae8 21. Rae1 g6 22. a3 Nc5 23. Bf1 Kg7 24. b4 Ne6 25. Rd1 Bc8 26. Re2 Rd8
27. Red2 Rxd2 28. Rxd2 Rd8 29. Rxd8 Nxd8 30. Bd3 Kf6 31. f4 Ne6 32. g3 h6 33.
Kf2 g5 34. fxg5+ hxg5 35. h4 Ng7 36. Ne2 Nh5 37. Kf3 Bd7 38. hxg5+ Kxg5 39. Nf4
Ng7 40. Be2 Ne6 41. Ke3 Kf6 42. Bd3 Nxf4 43. gxf4 Ke6 44. Kd4 b6 45. c5 b5 46.
Bc2 Kf6 47. a4 a6 48. Bd1 Be8 49. a5 Bd7 50. Bh5 Ke6 51. Bg6 Kf6 52. Bh5 Ke6
53. Ke3 Kf6 54. Kf2 Ke7 55. Kg3 Kf6 56. Kh4 Be6 57. Bf3 Bd7 58. Kh5 Be8+ 59.
Kh6 Bd7 60. Kh7 Be8 61. Kh6 Bd7 62. Bg2 Be8 63. Kh7 Bd7 64. Kh8 Be8 65. Kg8 Bd7
66. Kf8 Ke6 67. Bf3 Kf6 68. Bh5 Ke6 69. Bf7+ Kf6 70. Be8 Bxe8 71. Kxe8 Ke6 72.
Kd8 Kd5 73. Kc7 Ke4 74. Kxc6 Kxf4 75. Kb6 Ke5 76. c6 1-0

[Event "Lansing (MI Op/1b/6)"]
[Site "?"]
[Date "1996.??.??"]
[Round "?"]
[White "Finegold, Ron"]
[Black "Kulbacki, James"]
[Result "1-0"]
[WhiteElo "2180"]
[BlackElo "1915"]
[PlyCount "105"]
[EventDate "1996.??.??"]

1. Nf3 d5 2. c4 c6 3. b3 Bf5 4. d3 Nf6 5. Bb2 e6 6. g3 Be7 7. Bg2 h6 8. cxd5
cxd5 9. O-O O-O 10. Nbd2 Nc6 11. Nd4 Nxd4 12. Bxd4 Qd7 13. Nf3 Rfc8 14. Qd2 b6
15. Rfc1 Bh7 16. Ne5 Qe8 17. Bh3 Ba3 18. Bb2 Bd6 19. Rxc8 Rxc8 20. Rc1 a6 21.
Rc2 Rxc2 22. Qxc2 Qb8 23. Nc6 Qc7 24. Qc3 Bg6 25. Ne5 Bh7 26. Qxc7 Bxc7 27. Kf1
Bd6 28. Ke1 Bb4+ 29. Kf1 Bd6 30. a3 a5 31. Ke1 Ne8 32. Nd7 b5 33. Kd1 Nc7 34.
a4 bxa4 35. bxa4 Na6 36. Bd4 Nb4 37. Bc5 Bxc5 38. Nxc5 Kf8 39. Nb3 Nc6 40. Kd2
Ke7 41. Bg2 Kd6 42. Kc3 f6 43. d4 Bg6 44. e3 Bb1 45. Bf1 Bg6 46. Bb5 e5 47.
Bxc6 Kxc6 48. Nxa5+ Kb6 49. Nb3 Be8 50. Kb4 g5 51. Nc5 Bh5 52. dxe5 fxe5 53.
Nd7+ 1-0